000 00660nam a2200241Ia 4500
003 OSt
005 20220924114903.0
006 a|||||r|||| 00| 0
007 ta
008 220923b |||||||| |||| 00| 0 ara d
024 _a339881
037 _cTextual
040 _aARTS
_cARTS
_bara
041 _2ara
_aara
082 _aO28,6M89,4, J2
100 _aAl-Aqad Abbas Muhammad Au.
_9175903
245 0 _aMajma-i-al-ahya
260 _aCairo
_bMatba-i-al-ma'arif Egypt
_c1952
300 _a112p.
_ccm.
650 _aARABIC PROSE
942 _hO28,6M89,4, J2
_cTEXL
_2CC
999 _c395806
_d395806